Риск-менеджмент: учебное пособие для вузов

Podrobná bibliografie
Hlavní autor: Балдин К. В. Константин Васильевич
Shrnutí:В учебном пособии рассмотрены методологические, организационные и технологические основы принятия управленческих решений в условиях риска. Предложены методы системного анализа и математического моделирования сложных рисковых ситуаций. Даны модели и методы разработки решений по управлению рисками в условиях конкуренции. Отдельная глава посвящена проблеме автоматизации интеллектуальной поддержки принятия управленческих решений. Для студентов вузов, обучающихся по специальностям «Экономика» и «Менеджмент», а также сотрудников консалтинговых фирм и предпринимателей, занимающихся самостоятельной практикой системного анализа рисков и принятия решений в рисковых ситуациях.
Jazyk:ruština
Vydáno: Москва, Эксмо, 2006
Edice:Высшее экономическое образование
Témata:
Médium: MixedMaterials Kniha
KOHA link:https://koha.lib.tpu.ru/cgi-bin/koha/opac-detail.pl?biblionumber=110140

MARC

LEADER 00000nam0a2200000 4500
001 110140
005 20231031120329.0
010 |a 5699136401 
035 |a (RuTPU)RU\TPU\book\118946 
090 |a 110140 
100 |a 20070219d2006 m y0rusy50 ca 
101 0 |a rus 
102 |a RU 
105 |a a j 001zy 
200 1 |a Риск-менеджмент  |e учебное пособие для вузов  |f К. В. Балдин 
210 |a Москва  |c Эксмо  |d 2006 
215 |a 366 с.  |c ил. 
225 1 |a Высшее экономическое образование 
320 |a Библиогр.: с. 360-365. 
330 |a В учебном пособии рассмотрены методологические, организационные и технологические основы принятия управленческих решений в условиях риска. Предложены методы системного анализа и математического моделирования сложных рисковых ситуаций. Даны модели и методы разработки решений по управлению рисками в условиях конкуренции. Отдельная глава посвящена проблеме автоматизации интеллектуальной поддержки принятия управленческих решений. Для студентов вузов, обучающихся по специальностям «Экономика» и «Менеджмент», а также сотрудников консалтинговых фирм и предпринимателей, занимающихся самостоятельной практикой системного анализа рисков и принятия решений в рисковых ситуациях. 
610 1 |a экономика 
610 1 |a управление 
610 1 |a менеджмент 
610 1 |a риск-менеджмент 
610 1 |a экономические риски 
610 1 |a управленческие решения 
610 1 |a разработка 
610 1 |a сложные ситуации 
610 1 |a конкуренция 
610 1 |a анализ 
610 1 |a снижение 
610 1 |a автоматизация 
610 1 |a информационные технологии 
610 1 |a учебные пособия 
686 |a У9(2)212я73  |v LBC/SL-A  |2 rubbk 
700 1 |a Балдин  |b К. В.  |g Константин Васильевич 
801 1 |a RU  |b 63413507  |c 20070219  |g PSBO 
801 2 |a RU  |b 63413507  |c 20150827  |g PSBO 
900 |a Риск-менеджмент 
942 |c BK 
951 |a 521600  |b 080507  |b 080500  |b 080100 
959 |a 20/20070219  |d 2  |e 192,31  |f АНЛ:1  |f ЧЗГЛ:1